| Поле | Название | Значение |
| |
Тип записи |
a |
| |
Библиографический уровень |
m |
| 001 |
Контрольный номер |
RU/URAIT/590272 |
| 005 |
Дата корректировки |
20260429163618.9 |
| 008 |
Кодируемые данные |
260429s2026 RU y f j 000 0 rus u |
| 020 |
Индекс ISBN |
__ |
| a |
ISBN |
978-5-534-19308-4 |
| c |
Цена, тираж |
2489.00 |
| 040 |
Источник каталогиз. |
__ |
| a |
Служба первич. каталог. |
ИКО Юрайт |
| c |
Служба, преобразующая запись |
ИКО Юрайт |
| e |
Правила каталог. |
RCR |
| 041 |
Код языка издания |
__ |
| a |
Код языка текста |
rus |
| 044 |
Код страны публикации |
__ |
| a |
Код страны публикации |
RU |
| 080 |
Индекс УДК |
__ |
| a |
Индекс УДК |
621(075.8) |
| 084 |
Индекс другой классификации/Индекс ББК |
__ |
| 2 |
Источник индекса |
rubbk |
| a |
Индекс другой классификации/Индекс ББК |
34.5я73 |
| 100 |
Автор |
__ |
| a |
Автор |
Миловзоров О. В. |
| q |
Полное имя |
Миловзоров Олег Владимирович |
| 245 |
Заглавие |
__ |
| a |
Заглавие |
Технология машиностроения |
| b |
Продолж. заглавия |
учебник для вузов |
| c |
Ответственность |
О. В. Миловзоров, Н. В. Грибов ; под общей редакцией О. В. Миловзорова. |
| 256 |
Характеристики компьютерного файла |
__ |
| a |
Характеристики компьютерного файла |
Электрон. дан. |
| 260 |
Выходные данные |
__ |
| a |
Место издания |
Москва |
| b |
Издательство |
Юрайт |
| c |
Дата издания |
2026 |
| 300 |
Физическое описание |
__ |
| a |
Объем |
488 с |
| 440 |
Серия |
__ |
| a |
Серия |
Высшее образование |
| 500 |
Примечания |
__ |
| a |
Примечание |
URL: https://urait.ru/bcode/590272 (дата обращения: 29.04.2026). |
| 520 |
Аннотация |
__ |
| a |
Аннотация |
Учебник для подготовки инженеров машиностроительного производства. Позволит получить навыки чтения чертежей, включая систему допусков и посадок, знания основ технологии машиностроительного производства. Содержит информацию об оборудовании, технологической оснастке приборах, измерительных и режущих инструментах, используемых на современном машиностроительном производстве. Дано описание актуальных технологических процессов изготовления различных классов и типов деталей, обеспечивающих высокое качество изделий и производительность труда. Книга позволит молодому специалисту в кратчайшие сроки включиться в процесс производства современного машиностроительного предприятия, начиная от чтения чертежа до изготовления деталей на станках с ЧПУ. |
| 538 |
Прим. о системных особенностях |
__ |
| a |
Прим. о системных особенностях |
Режим доступа: Электронно-библиотечная система Юрайт, для авториз. пользователей |
| 653 |
Ключевые слова |
__ |
| a |
Ключевые слова |
Машины, машиностроение и приборостроение |
| 653 |
Ключевые слова |
__ |
| a |
Ключевые слова |
Технические науки |
| 653 |
Ключевые слова |
__ |
| a |
Ключевые слова |
Технология машиностроения |
| 653 |
Ключевые слова |
__ |
| a |
Ключевые слова |
Основы технологии машиностроения |
| 653 |
Ключевые слова |
__ |
| a |
Ключевые слова |
Общая технология машиностроения |
| 653 |
Ключевые слова |
__ |
| a |
Ключевые слова |
Основы технологий машиностроения |
| 653 |
Ключевые слова |
__ |
| a |
Ключевые слова |
Технологии машиностроения |
| 653 |
Ключевые слова |
__ |
| a |
Ключевые слова |
Машиностроение и технологии производства |
| 653 |
Ключевые слова |
__ |
| a |
Ключевые слова |
Основы технологии машиностроения и производственное оборудование |
| 653 |
Ключевые слова |
__ |
| a |
Ключевые слова |
Введение в технологию машиностроения |
| 700 |
Другие авторы |
__ |
| a |
Другие авторы |
Грибов Н. В. |
| q |
Полное имя |
Грибов Николай Владимирович |
| 856 |
Электронный адрес документа |
40 |
| n |
Местонахождение сервера |
Юрайт |
| g |
|
Электронная книга |
| q |
Тип электронного формата |
html |
| h |
Имя пользователя |
ЮРАЙТ |
| v |
Часы доступа к ресурсу |
20271231 |
| 2 |
Способ доступа |
Показать документ |
| x |
Служебное примечание |
https://urait.ru/book/cover/47788F38-68F2-4475-AD72-A3A010A29C6F |
| u |
URL |
https://urait.ru/bcode/590272 |
| 856 |
Электронный адрес документа |
48 |
| q |
Тип электронного формата |
cover |
| u |
URL |
https://urait.ru/book/cover/47788F38-68F2-4475-AD72-A3A010A29C6F |
| 911 |
|
__ |
| u |
|
0030=https://urait.ru/bcode/590272 |
| 911 |
|
__ |
| u |
|
073a=9785534193084 |
| u |
|
073d=2489.00 |
| 911 |
|
__ |
| u |
|
106a=s |
| 911 |
|
__ |
| u |
|
900l= |
| 952 |
Тип литературы |
__ |
| i |
Дисциплина |
Технология машиностроения |
| 952 |
Тип литературы |
__ |
| i |
Дисциплина |
Основы технологии машиностроения |
| 952 |
Тип литературы |
__ |
| i |
Дисциплина |
Общая технология машиностроения |
| 952 |
Тип литературы |
__ |
| i |
Дисциплина |
Основы технологий машиностроения |
| 952 |
Тип литературы |
__ |
| i |
Дисциплина |
Технологии машиностроения |
| 952 |
Тип литературы |
__ |
| i |
Дисциплина |
Машиностроение и технологии производства |
| 952 |
Тип литературы |
__ |
| i |
Дисциплина |
Основы технологии машиностроения и производственное оборудование |
| 952 |
Тип литературы |
__ |
| i |
Дисциплина |
Введение в технологию машиностроения |